000 00282nam a2200121Ia 4500
005 20251222142020.0
008 251222s9999||||xx |||||||||||||| ||spa||
082 _a158.24/S79
100 _aStevens, John O.
245 0 _aEl Darse Cuenta:
264 _bCuatro Vientos
942 _cLIB
999 _c10632
_d10632